Medical statistics: A textbook for the health sciences (Record no. 395210)
[ view plain ]
| 000 -LEADER | |
|---|---|
| fixed length control field | 00635 a2200229 4500 |
| 005 - DATE & TIME | |
| control field | 20260116140750.0 |
| 008 - FIXED-LENGTH DATA ELEMENTS--GENERAL INFORMATION | |
| fixed length control field | 260115b |||||||| |||| 00| 0 eng d |
| 020 ## - ISBN | |
| International Standard Book Number | 9781119423645 |
| Price | $ 48.95 |
| 040 ## - CATALOGING SOURCE | |
| Original cataloging agency | VIVEKANANDA LIBRARY |
| 082 ## - DDC NUMBER | |
| Classification number | 610.727 |
| Book Number | W171M (5) |
| 100 ## - MAIN ENTRY--PERSONAL NAME | |
| Personal name | Walters, Stephen J |
| 245 ## - TITLE STATEMENT | |
| Title | Medical statistics: A textbook for the health sciences |
| 250 ## - EDITION STATEMENT | |
| Edition statement | 5th |
| 260 ## - PUBLICATION, DISTRIBUTION, ETC. (IMPRINT) | |
| Name of publisher, distributor, etc | Wiley Blackwell |
| Date of publication, distribution, etc | 2021 |
| Place of publication, distribution, etc | Hoboken |
| 300 ## - PHYSICAL DESCRIPTION | |
| Pages | xi, 433 |
| 650 ## - Subject | |
| Subject | Biometry Methods |
| 650 ## - Subject | |
| Subject | Research Design-Statistics |
| 650 ## - Subject | |
| Subject | Statistics-Medical |
| 700 ## - Added Entry Personal Name | |
| Added Entry Personal Name | Campbell, Michael J |
| 700 ## - Added Entry Personal Name | |
| Added Entry Personal Name | Machin, David |
| 942 ## - ADDED ENTRY ELEMENTS (KOHA) | |
| Koha item type | Books |
| Withdrawn status | Lost status | Source of classification or shelving scheme | Damaged status | Not for loan | Location (home branch) | Sublocation or collection (holding branch) | Shelving location | Date acquired | Koha issues (times borrowed) | Koha full call number | Accession No. | Koha date last seen | Koha item type |
|---|---|---|---|---|---|---|---|---|---|---|---|---|---|
| Dewey Decimal Classification | VIVEKANANDA LIBRARY | VIVEKANANDA LIBRARY | Vivekananda Library | 17/12/2025 | 610.727 W171M(5) | 443727 | 17/12/2025 | Books |
